| 000 | 00657ctm a22002175a 4500 | ||
|---|---|---|---|
| 001 | L141132 | ||
| 008 | 071030i19031908xxk eng u | ||
| 035 | _a(Sirsi) u141132 | ||
| 041 | 0 | _aeng | |
| 110 | 2 |
_aJames Robertson and Co. _95427 |
|
| 245 | 0 | 1 |
_a[Reports and valuations on the Hardwick Estate, Barnes] _h[manuscript] |
| 260 | _c1903 and 1908 | ||
| 300 |
_a2 items _btypescript _c33 x 20 cm. |
||
| 340 | _aTypescript | ||
| 351 | _cSingle item | ||
| 500 | _aReports dated 5 February 1903 and 10 December 1908. | ||
| 651 | 4 | _aLondon | |
| 690 | _aPROPERTY-PROPERTY APPRAISAL AND VALUATION | ||
| 710 | 2 |
_aWilloughby J. Lodge _95428 |
|
| 942 | _n0 | ||
| 999 |
_c116612 _d116612 |
||